Adelaida = Adelaide. 180. SG-I 52-54 /
| Corporate Author: | Český úřad geodetický a kartografický |
|---|---|
| Language: | Russian English |
| Published: |
Praga : Češskoje upravlenije geodezii i kartografii, 1969 |
| Series: |
Karta mira 1:2 500 000 ;
180, 1969 World Map 1:2 500 000 ; 180, 1969 [Mapa světa 1:2 500 000] ; 180, 1969 |
| Online Access: |
Digitalizovaný dokument
|
| Physical Description: |
1 mapa : barevná ; 54 x 75 cm, na listu 80 x 100 cm |
| LEADER | 01742nem a2200409 i 4500 | ||
|---|---|---|---|
| 001 | 000545616 | ||
| 003 | CZ BrMZK | ||
| 005 | 20181115154716.0 | ||
| 008 | 000105s1969 xr a 0 rus d | ||
| 034 | 1 | |a a |b 2500000 |d E1260000 |e E1440000 |f S0240000 |g S0360000 | |
| 040 | |a BOA001 |b cze |e rda | ||
| 041 | 1 | |a rus |a eng | |
| 043 | |a u-at-sa |2 czenas | ||
| 072 | 7 | |a 911 |x Obecná geografie. Systematická geografie |2 Konspekt |9 7 | |
| 072 | 7 | |a 912 |x Mapy. Atlasy. Glóby |2 Konspekt |9 7 | |
| 080 | |a 913(942.3) |2 MRF | ||
| 110 | 2 | |a Český úřad geodetický a kartografický |7 ko2004231816 |4 pbl | |
| 245 | 0 | 0 | |a Adelaida = |b Adelaide. |p 180. |p SG-I 52-54 / |c Češskoje upravlenije geodezii i kartografii |
| 246 | 3 | 1 | |a Adelaide |
| 246 | 3 | 0 | |a SG-I 52-54 |
| 246 | 3 | 0 | |a 180 |
| 255 | |a Měřítko 1:2 500 000 ; |b Prjamaja koničeskaja ravnopromežutočnaja projekcija |c (E 126°00'00"--E 144°00'00"/S 24°00'00"--S 36°00'00") | ||
| 264 | 1 | |a Praga : |b Češskoje upravlenije geodezii i kartografii, |c 1969 | |
| 300 | |a 1 mapa : |b barevná ; |c 54 x 75 cm, na listu 80 x 100 cm | ||
| 336 | |a kartografický obraz |b cri |2 rdacontent | ||
| 337 | |a bez média |b n |2 rdamedia | ||
| 338 | |a list |b nb |2 rdacarrier | ||
| 490 | 1 | |a Karta mira 1:2 500 000 ; |v 180, 1969 | |
| 490 | 1 | |a World Map 1:2 500 000 ; |v 180, 1969 | |
| 490 | 1 | |a [Mapa světa 1:2 500 000] ; |v 180, 1969 | |
| 562 | |a Původně přeloženo na 1/12 |5 CZ-BrMZK | ||
| 500 | |a Dostupné též v digitální podobě v aplikaci Kramerius | ||
| 651 | 4 | |a Adelaide (Jižní Austrálie : oblast) | |
| 655 | 4 | |a obecně zeměpisné mapy | |
| 856 | 4 | 1 | |u http://www.digitalniknihovna.cz/mzk/uuid/uuid:6262a190-f885-11e8-a5a4-005056827e52 |y Digitalizovaný dokument |x NDK |
| 910 | |a BOA001 |b Mpa-0618.565,180-69 | ||
| 990 | |a MP | ||
English
Čeština 